| 000 | 01081cam a22002771i 4500 | ||
|---|---|---|---|
| 003 | SA-RiAUC | ||
| 005 | 20241104145846.0 | ||
| 008 | 241103s1963 le g b 00000dara c | ||
| 040 |
_aSA-RiAUC _bara _cSA-RiAUC _erda |
||
| 050 | 1 | 4 | _bZ3 |
| 082 | 0 | 4 | _a922.2 |
| 090 |
_a922.2 _bز ر ك |
||
| 100 | 1 |
_aالزركان، محمد صالح، _d1936-1961 _eمؤلف. |
|
| 245 | 1 | 0 |
_aفخر الدين الرازي وآراؤه الكلامية والفلسفية / _cمحمد صالح الزركان. |
| 264 | 1 |
_aبيروت : _bدار الفكر، _c1963 |
|
| 300 |
_a678 صفحة ؛ _c26 سم |
||
| 336 |
_aنص _btxt _2rdacontent _3كتاب |
||
| 337 |
_aبدون وسيط _bn _2rdamedia |
||
| 338 |
_aمجلد _bnc _2rdacarrier |
||
| 504 | _aببليوجرافية : صفحة 646-668. | ||
| 600 | 1 | 7 |
_aالفخر الرازي، محمد بن عمر بن الحسن، _d544-606 هجري _2aucnm |
| 650 | 7 |
_aالمسلمون _vتراجم _2aucsh |
|
| 650 | 7 |
_aالفلسفة الإسلامية _2aucsh |
|
| 942 |
_2ddc _cBOOK _n0 |
||
| 949 |
_aSA-JeALM _d241103 _umohamedma123 _n1 |
||
| 999 |
_c2065 _d2065 |
||